000 004620000a22001810004500
003 MACL
005 20151028105305.0
008 151028b xxu||||| |||| 00| 0 eng d
040 _aMACL
_cMACL
041 _aEnglish
082 _a700/DAS
100 _aDas , Dr. Ramranjan
_917072
245 _aINDIAN CULTURAL CONTACTS WITH SOUTH EAST ASIA
260 _akolkata
_bEDUCATION FORUM
_c2009
350 _a300
650 _aArts
_917073
942 _cBK
_k700/DAS
_2ddc
999 _c44336
_d44336